Kraje Europy - Statystyki

Ogólne statystyki
  • Ten quiz został rozwiązany 18 924 razy
  • Średni wynik to 34 z 46
Statystyki odpowiedzi
Państwo % Poprawnych
Polska
98%
Niemcy
93%
Rosja
93%
Francja
90%
Hiszpania
90%
Czechy
88%
Litwa
87%
Ukraina
87%
Portugalia
86%
Szwecja
86%
Słowacja
85%
Łotwa
84%
Włochy
84%
Białoruś
82%
Estonia
82%
Norwegia
82%
Finlandia
81%
Wielka Brytania
81%
Belgia
78%
Chorwacja
76%
Grecja
76%
Słowenia
76%
Holandia
75%
Albania
74%
Dania
73%
Austria
72%
Irlandia
72%
Szwajcaria
72%
Bośnia i Hercegowina
70%
Watykan
70%
Islandia
68%
Rumunia
68%
Węgry
68%
Andora
67%
Bułgaria
66%
Luksemburg
64%
Czarnogóra
62%
Serbia
61%
San Marino
60%
Liechtenstein
59%
Kosowo
58%
Mołdawia
58%
Turcja
58%
Macedonia Północna
57%
Monako
56%
Malta
55%
Nie znaleziono quizów pasujących do podanych kryteriów
Rozkład punktacji
Procent ludzi z każdym wynikiem
Percentyl według liczby udzielonych odpowiedzi
Twoja historia wyników
Nie rozwiązałeś tego quizu